000
00339pab a2200145 454500
008
180718b1985 xxu||||| |||| 00| 0 eng d
100
_a
Gupta, A.B.
245
_a
Coal India management
_b
Focus on decentralisation
260
_c
1985
300
_a
45-6
362
_a
16 Sept.
650
_a
Coal - India
773
_a
Capital
909
_a
5898
999
_c
5898
_d
5898